[Event "18. Obert Int. Sant Marti 2016 - B"]
[Site "Barcelona ESP"]
[Date "2016.07.20"]
[Round "8.22"]
[White "Pascual Gonzalez-Novelles, Carles"]
[Black "Poyato Ruiz, Fernando"]
[Result "1/2-1/2"]
[WhiteElo "1718"]
[BlackElo "1840"]
[PlyCount "88"]
[EventDate "2016.07.13"]
[EventType "swiss"]
[EventRounds "9"]
[EventCountry "ESP"]
[SourceTitle "Ajedrez en Madrid"]
[Source "lmi"]
[SourceDate "2016.07.13"]
[SourceVersion "1"]
[SourceVersionDate "2019.06.21"]
[SourceQuality "1"]

1. e4 e6 2. d4 d5 3. Nc3 Nf6 4. e5 Nfd7 5. f4 c5 6. Nf3 Nc6 7. Be3 cxd4 8. Nxd4
Bb4 9. Nxc6 Bxc3+ 10. bxc3 bxc6 11. Bd3 Qh4+ 12. g3 Qe7 13. O-O O-O 14. c4 a5
15. cxd5 cxd5 16. a4 Nc5 17. Bb5 Ba6 18. Qd4 Rfc8 19. Rfb1 Ne4 20. Bxa6 Rxa6
21. c4 Qd8 22. cxd5 Qxd5 23. Rc1 Rac6 24. Rxc6 Rxc6 25. Rb1 h5 26. Qxd5 exd5
27. Rb5 Ra6 28. Rxd5 Nc3 29. Rd8+ Kh7 30. Rd3 Ra8 31. Bd2 Nxa4 32. Rd5 Nb6 33.
Rxa5 Rxa5 34. Bxa5 Nd7 35. Kf2 Kg6 36. Ke3 Kf5 37. Kd4 Ke6 38. Bd8 g6 39. Bc7
Nf8 40. Kc5 f6 41. exf6 Kxf6 42. Kd6 Kf5 43. Ke7 Ne6 44. Bb6 g5 1/2-1/2

[Event "18. Obert Int. Sant Marti 2016 - B"]
[Site "Barcelona ESP"]
[Date "2016.07.20"]
[Round "8.23"]
[White "Martinez Balaguer, Josep"]
[Black "Lozano Ruiz, David"]
[Result "0-1"]
[WhiteElo "1834"]
[BlackElo "1796"]
[PlyCount "102"]
[EventDate "2016.07.13"]
[EventType "swiss"]
[EventRounds "9"]
[EventCountry "ESP"]
[SourceTitle "Ajedrez en Madrid"]
[Source "lmi"]
[SourceDate "2016.07.13"]
[SourceVersion "1"]
[SourceVersionDate "2019.06.21"]
[SourceQuality "1"]

1. c4 f5 2. Nc3 Nf6 3. Nf3 e6 4. d4 d5 5. cxd5 exd5 6. Bf4 c6 7. e3 Be7 8. Ne5
Nbd7 9. Be2 O-O 10. Nd3 b6 11. b4 Bb7 12. Rc1 Ne4 13. Qb3 Kh8 14. a4 Ndf6 15.
h3 Bd6 16. Ne5 Qe7 17. Nd3 Bxf4 18. Nxf4 g5 19. Nd3 f4 20. Nxe4 Nxe4 21. exf4
gxf4 22. Ne5 Rac8 23. Rc2 c5 24. bxc5 bxc5 25. O-O c4 26. Qb5 Rf6 27. Rb1 Rb6
28. Qxb6 axb6 29. Rxb6 Ra8 30. Ra2 Nc3 31. Rc2 Nxa4 32. Rh6 Ra6 33. Rh5 Rf6 34.
Bg4 Qe8 35. Kh2 Bc8 36. Bf3 Nb6 37. Ra2 Nd7 38. Ra7 Re6 39. Bg4 Re7 40. Ra8
Rxe5 41. Rxe5 Nxe5 42. Bxc8 Qe7 43. dxe5 Qxe5 44. Bg4+ Kg7 45. Ra7+ Kf6 46.
Ra6+ Ke7 47. Ra7+ Kd6 48. Rxh7 c3 49. Rd7+ Kc6 50. Rd8 c2 51. Rc8+ Qc7 0-1

[Event "18. Obert Int. Sant Marti 2016 - B"]
[Site "Barcelona ESP"]
[Date "2016.07.20"]
[Round "8.24"]
[White "Gonzalez Moreno, Antoni"]
[Black "Alquezar Calpena, Marc"]
[Result "1-0"]
[WhiteElo "1822"]
[BlackElo "1792"]
[PlyCount "77"]
[EventDate "2016.07.13"]
[EventType "swiss"]
[EventRounds "9"]
[EventCountry "ESP"]
[SourceTitle "Ajedrez en Madrid"]
[Source "lmi"]
[SourceDate "2016.07.13"]
[SourceVersion "1"]
[SourceVersionDate "2019.06.21"]
[SourceQuality "1"]

1. c4 Nf6 2. Nc3 e5 3. g3 d5 4. cxd5 Nxd5 5. Bg2 Nxc3 6. bxc3 Bc5 7. e3 c6 8.
Nf3 f6 9. d4 exd4 10. cxd4 Bb4+ 11. Bd2 Qa5 12. a3 Bxd2+ 13. Nxd2 Be6 14. O-O
O-O 15. Qc2 Nd7 16. Nb3 Qa4 17. Rfb1 Rac8 18. Qc3 b6 19. Nd2 c5 20. d5 Bf5 21.
e4 Bg6 22. Nc4 Ne5 23. Nxe5 fxe5 24. f3 Qd4+ 25. Qxd4 cxd4 26. Rc1 Rc5 27. Rxc5
bxc5 28. Rc1 Rc8 29. Bh3 d3 30. Bxc8 c4 31. Ba6 d2 32. Rd1 c3 33. Bd3 Be8 34.
Bc2 Bb5 35. Kf2 Kf7 36. Ke3 Ke7 37. f4 Kd6 38. Rb1 Ba6 39. Rb3 1-0

[Event "18. Obert Int. Sant Marti 2016 - B"]
[Site "Barcelona ESP"]
[Date "2016.07.20"]
[Round "8.25"]
[White "Nandhini, Saripalli"]
[Black "Julia Yebra, David"]
[Result "1-0"]
[WhiteElo "1716"]
[BlackElo "1822"]
[PlyCount "55"]
[EventDate "2016.07.13"]
[EventType "swiss"]
[EventRounds "9"]
[EventCountry "ESP"]
[SourceTitle "Ajedrez en Madrid"]
[Source "lmi"]
[SourceDate "2016.07.13"]
[SourceVersion "1"]
[SourceVersionDate "2019.06.21"]
[SourceQuality "1"]

1. d4 d6 2. e4 Nf6 3. Nc3 c6 4. Nf3 Qa5 5. e5 Nd5 6. Bd2 Nxc3 7. Bxc3 Qd8 8.
Bd3 Bg4 9. h3 Bh5 10. g4 Bg6 11. e6 Qc8 12. exf7+ Bxf7 13. Ng5 Bd5 14. Rg1 Bg8
15. Bf5 Qd8 16. Qd3 d5 17. Bxh7 Bxh7 18. Nxh7 Qd6 19. Ng5 g6 20. O-O-O Nd7 21.
Bd2 Bh6 22. Rde1 Nf8 23. Qf3 Bxg5 24. Bxg5 Ne6 25. Bd2 Kd7 26. Qb3 Nxd4 27.
Qxb7+ Qc7 28. Rxe7+ 1-0

[Event "18. Obert Int. Sant Marti 2016 - B"]
[Site "Barcelona ESP"]
[Date "2016.07.20"]
[Round "8.26"]
[White "Volart Buil, Jordi"]
[Black "Molinas Garcia, Francisco"]
[Result "1-0"]
[WhiteElo "1819"]
[BlackElo "1786"]
[PlyCount "69"]
[EventDate "2016.07.13"]
[EventType "swiss"]
[EventRounds "9"]
[EventCountry "ESP"]
[SourceTitle "Ajedrez en Madrid"]
[Source "lmi"]
[SourceDate "2016.07.13"]
[SourceVersion "1"]
[SourceVersionDate "2019.06.21"]
[SourceQuality "1"]

1. d4 Nf6 2. c4 c5 3. d5 e6 4. Nc3 exd5 5. cxd5 Bd6 6. Bg5 O-O 7. Nf3 Re8 8. e3
a6 9. Be2 b5 10. a3 Bb7 11. O-O Bf8 12. e4 d6 13. b4 c4 14. Qd4 Nbd7 15. Rfe1
g6 16. Qd2 Bg7 17. Bf1 Qb6 18. Ra2 Rab8 19. a4 Ba8 20. Be3 Qd8 21. axb5 axb5
22. Bd4 Ne5 23. Nxe5 dxe5 24. Bc5 Nd7 25. Be3 Qe7 26. Rb1 f5 27. f3 f4 28. Bf2
g5 29. Ra5 Rec8 30. Nxb5 Bf8 31. d6 Qd8 32. Nc7 Rxc7 33. dxc7 Qxc7 34. Rxa8
Rxa8 35. Qd5+ 1-0

[Event "18. Obert Int. Sant Marti 2016 - B"]
[Site "Barcelona ESP"]
[Date "2016.07.20"]
[Round "8.28"]
[White "Grasa Solanas, Oscar"]
[Black "Colom Andres, Xavier"]
[Result "0-1"]
[WhiteElo "1637"]
[BlackElo "1812"]
[PlyCount "116"]
[EventDate "2016.07.13"]
[EventType "swiss"]
[EventRounds "9"]
[EventCountry "ESP"]
[SourceTitle "Ajedrez en Madrid"]
[Source "lmi"]
[SourceDate "2016.07.13"]
[SourceVersion "1"]
[SourceVersionDate "2019.06.21"]
[SourceQuality "1"]

1. c4 c6 2. Nc3 d5 3. d4 Nf6 4. Nf3 dxc4 5. e4 Bg4 6. Be3 e6 7. Bxc4 Bb4 8. Bd3
Nbd7 9. O-O O-O 10. Rc1 h6 11. a3 Be7 12. Be2 Rc8 13. b4 a5 14. Rb1 axb4 15.
axb4 Qc7 16. Qd2 e5 17. Rfc1 Rfd8 18. Qc2 Qb8 19. Qb2 Bxf3 20. Bxf3 exd4 21.
Bxd4 Ne5 22. Ne2 Nd3 23. Qb3 Nxc1 24. Rxc1 Nd7 25. Bg4 Qd6 26. Bc5 Qf6 27. Bd4
Qg5 28. Bf5 Ra8 29. f4 Qh4 30. e5 Nf8 31. Bf2 Bc5 32. bxc5 Qe7 33. Qh3 Rd2 34.
Bh4 g5 35. Qg4 Ne6 36. Be1 Rda2 37. h4 Ra1 38. hxg5 hxg5 39. Qh5 Nf8 40. Bf2
Rxc1+ 41. Nxc1 Ra1 42. Be3 Rxc1+ 43. Bxc1 Qxc5+ 44. Kh2 Qxc1 45. Qxg5+ Kh8 46.
Qh6+ Kg8 47. Qg5+ Kh8 48. Qf6+ Kg8 49. e6 Qxf4+ 50. g3 Qf2+ 51. Kh3 Qf1+ 52.
Kg4 Qc4+ 53. Kh5 Nxe6 54. Kh6 Qc1+ 55. Kh5 Ng7+ 56. Kh4 Nxf5+ 57. Qxf5 Qh6+ 58.
Kg4 Qg6+ 0-1

[Event "18. Obert Int. Sant Marti 2016 - B"]
[Site "Barcelona ESP"]
[Date "2016.07.20"]
[Round "8.29"]
[White "Franzoni Ladron, Enric"]
[Black "Valbuena Castro, Gregorio"]
[Result "0-1"]
[WhiteElo "1811"]
[BlackElo "1724"]
[PlyCount "60"]
[EventDate "2016.07.13"]
[EventType "swiss"]
[EventRounds "9"]
[EventCountry "ESP"]
[SourceTitle "Ajedrez en Madrid"]
[Source "lmi"]
[SourceDate "2016.07.13"]
[SourceVersion "1"]
[SourceVersionDate "2019.06.21"]
[SourceQuality "1"]

1. e4 e5 2. Nf3 Nf6 3. Nc3 Bb4 4. d3 d5 5. exd5 Qxd5 6. Bd2 Bxc3 7. Bxc3 Nc6 8.
Be2 Nd4 9. O-O O-O 10. Nxd4 exd4 11. Bf3 Qd6 12. Bd2 c6 13. Re1 Bf5 14. h3 Rfe8
15. a3 Rxe1+ 16. Bxe1 Re8 17. Bb4 c5 18. Bd2 b6 19. Qc1 Nd5 20. b4 Nc3 21. Bxc3
dxc3 22. bxc5 Qxc5 23. Qf4 Qb5 24. Qh4 Qe5 25. Be4 Bxe4 26. Re1 a5 27. Qxe4
Qxe4 28. Rxe4 Rxe4 29. dxe4 b5 30. Kf1 b4 0-1

[Event "18. Obert Int. Sant Marti 2016 - B"]
[Site "Barcelona ESP"]
[Date "2016.07.20"]
[Round "8.30"]
[White "Pujal Moncho, Joaquim"]
[Black "Escofet Llongueras, Joan"]
[Result "0-1"]
[WhiteElo "1805"]
[BlackElo "1716"]
[PlyCount "54"]
[EventDate "2016.07.13"]
[EventType "swiss"]
[EventRounds "9"]
[EventCountry "ESP"]
[SourceTitle "Ajedrez en Madrid"]
[Source "lmi"]
[SourceDate "2016.07.13"]
[SourceVersion "1"]
[SourceVersionDate "2019.06.21"]
[SourceQuality "1"]

1. d4 Nf6 2. c4 c5 3. d5 b5 4. cxb5 a6 5. bxa6 Bxa6 6. Nc3 d6 7. g3 g6 8. Bg2
Bg7 9. Nf3 O-O 10. O-O Nbd7 11. Re1 Ng4 12. h3 Nge5 13. Qc2 Qc7 14. Nxe5 Nxe5
15. f4 Nc4 16. b3 Qa5 17. Bd2 Nxd2 18. Rac1 Nxb3 19. axb3 Rfb8 20. e4 Qb4 21.
e5 Qxb3 22. Qd2 Qb2 23. Rc2 Qb4 24. Kh2 Qd4 25. Qc1 Bd3 26. Rd2 Rb3 27. Re4
Qxc3 0-1

[Event "18. Obert Int. Sant Marti 2016 - B"]
[Site "Barcelona ESP"]
[Date "2016.07.20"]
[Round "8.31"]
[White "Grindbakken, Erik"]
[Black "Quero Ortega, Juan"]
[Result "1-0"]
[WhiteElo "1610"]
[BlackElo "1805"]
[PlyCount "89"]
[EventDate "2016.07.13"]
[EventType "swiss"]
[EventRounds "9"]
[EventCountry "ESP"]
[SourceTitle "Ajedrez en Madrid"]
[Source "lmi"]
[SourceDate "2016.07.13"]
[SourceVersion "1"]
[SourceVersionDate "2019.06.21"]
[SourceQuality "1"]

1. c4 Nf6 2. d4 g6 3. Nc3 Bg7 4. e4 d6 5. Bg5 O-O 6. h3 c6 7. Bd3 Qb6 8. Nge2
Qa5 9. Be3 c5 10. d5 Nbd7 11. f4 a6 12. O-O Rb8 13. a4 Qd8 14. g4 Nb6 15. Kh2
Bxg4 16. Rg1 Bd7 17. Ng3 e6 18. f5 exd5 19. exd5 Kh8 20. Qd2 Rg8 21. Bg5 Qf8
22. fxg6 fxg6 23. Raf1 Qe7 24. Qf4 Rgf8 25. Qh4 Kg8 26. Nce4 Bf5 27. Nxf5 Qe5+
28. Nfg3 Nh5 29. Be7 Rxf1 30. Rxf1 Nxg3 31. Nxg3 Qxb2+ 32. Kh1 Be5 33. Qg4 Qd4
34. Qe6+ Kh8 35. Bf6+ Bxf6 36. Qxf6+ Qxf6 37. Rxf6 Rd8 38. a5 Nc8 39. Ne4 Kg7
40. Kg2 Re8 41. Rf3 Rd8 42. Ng5 Rd7 43. Ne6+ Kh6 44. Rf4 g5 45. Rf6+ 1-0

[Event "18. Obert Int. Sant Marti 2016 - B"]
[Site "Barcelona ESP"]
[Date "2016.07.20"]
[Round "8.32"]
[White "Moreno Perez, Norberto"]
[Black "Perez Cuadrado, Eduardo"]
[Result "0-1"]
[WhiteElo "1886"]
[BlackElo "1751"]
[PlyCount "94"]
[EventDate "2016.07.13"]
[EventType "swiss"]
[EventRounds "9"]
[EventCountry "ESP"]
[SourceTitle "Ajedrez en Madrid"]
[Source "lmi"]
[SourceDate "2016.07.13"]
[SourceVersion "1"]
[SourceVersionDate "2019.06.21"]
[SourceQuality "1"]

1. e4 e5 2. Bc4 Nf6 3. Nc3 Nc6 4. a3 a6 5. Nf3 Bc5 6. d3 d6 7. O-O Bg4 8. Bg5
h6 9. Bh4 g5 10. Bg3 Nd4 11. Nb1 Nxf3+ 12. gxf3 Bh3 13. c3 Bxf1 14. Kxf1 Qd7
15. d4 exd4 16. cxd4 Bb6 17. Nc3 h5 18. e5 h4 19. Bf4 gxf4 20. exf6 O-O-O 21.
Nd5 Kb8 22. Ke2 Rh6 23. a4 Ba7 24. Rc1 c6 25. Nb4 Rxf6 26. Qb3 Ka8 27. d5 c5
28. Nd3 Re8+ 29. Kd2 Rb8 30. Qc3 Rf5 31. Re1 Re8 32. Rxe8+ Qxe8 33. Qa5 Kb8 34.
h3 Rg5 35. Qc3 Rg1 36. Qf6 Kc7 37. Qxf4 b5 38. axb5 axb5 39. Ba2 c4 40. Bxc4
bxc4 41. Qxc4+ Kd8 42. Qxh4+ Kc7 43. Qc4+ Kb7 44. Qb4+ Bb6 45. Qxd6 Qa4 46.
Qe7+ Ka6 47. Qf6 Rd1+ 0-1

[Event "18. Obert Int. Sant Marti 2016 - B"]
[Site "Barcelona ESP"]
[Date "2016.07.20"]
[Round "8.33"]
[White "Madrid Sole, Antonio"]
[Black "Moysen Cortes, Jessica"]
[Result "1-0"]
[WhiteElo "1865"]
[BlackElo "1740"]
[PlyCount "113"]
[EventDate "2016.07.13"]
[EventType "swiss"]
[EventRounds "9"]
[EventCountry "ESP"]
[SourceTitle "Ajedrez en Madrid"]
[Source "lmi"]
[SourceDate "2016.07.13"]
[SourceVersion "1"]
[SourceVersionDate "2019.06.21"]
[SourceQuality "1"]

1. d4 Nf6 2. Nf3 d5 3. e3 Bg4 4. c4 dxc4 5. Bxc4 e6 6. Nbd2 Nbd7 7. O-O c6 8.
h3 Bh5 9. Qb3 Qc7 10. Re1 Be7 11. e4 h6 12. e5 Nh7 13. Ne4 Nb6 14. Nd6+ Kd7 15.
Be2 Ng5 16. Bf4 Nd5 17. Bg3 Qb6 18. Qxb6 axb6 19. Nxg5 hxg5 20. Bxh5 Rxh5 21.
Nxf7 Nb4 22. Re4 Rxa2 23. Rxa2 Nxa2 24. Nd6 Bxd6 25. exd6 Nb4 26. Be5 g6 27.
Re3 Rh7 28. Rf3 Nd5 29. Rf8 c5 30. dxc5 bxc5 31. Rg8 Nf4 32. Rb8 Kc6 33. Rc8+
Kd5 34. Bxf4 gxf4 35. Rc7 Rh8 36. d7 Rd8 37. Rxb7 Kc6 38. Ra7 Kb6 39. Ra4 Rxd7
40. Rxf4 Rd8 41. Kh2 Rd2 42. b4 cxb4 43. Rxb4+ Kc5 44. Re4 Kd5 45. f3 Rd4 46.
Rxd4+ Kxd4 47. g4 g5 48. Kg3 Ke3 49. h4 gxh4+ 50. Kxh4 Kxf3 51. g5 e5 52. g6 e4
53. g7 e3 54. g8=Q e2 55. Qg1 Ke4 56. Qe1 Kf3 57. Kh3 1-0

[Event "18. Obert Int. Sant Marti 2016 - B"]
[Site "Barcelona ESP"]
[Date "2016.07.20"]
[Round "8.34"]
[White "Hernando Rodrigo, Lourdes"]
[Black "Santolaria Pena, M."]
[Result "1-0"]
[WhiteElo "1730"]
[BlackElo "1846"]
[PlyCount "39"]
[EventDate "2016.07.13"]
[EventType "swiss"]
[EventRounds "9"]
[EventCountry "ESP"]
[SourceTitle "Ajedrez en Madrid"]
[Source "lmi"]
[SourceDate "2016.07.13"]
[SourceVersion "1"]
[SourceVersionDate "2019.06.21"]
[SourceQuality "1"]

1. Nf3 Nf6 2. d4 d6 3. Nbd2 e6 4. e4 Be7 5. Bd3 O-O 6. O-O c5 7. c3 b6 8. e5
dxe5 9. Ne4 Nbd7 10. Nxf6+ Bxf6 11. dxe5 Nxe5 12. Nxe5 Bxe5 13. Bxh7+ Kxh7 14.
Qh5+ Kg8 15. Qxe5 Bb7 16. Qg3 Qf6 17. Re1 Bd5 18. Re5 Rac8 19. Bf4 c4 20. Rg5
1-0

[Event "18. Obert Int. Sant Marti 2016 - B"]
[Site "Barcelona ESP"]
[Date "2016.07.20"]
[Round "8.35"]
[White "Molina Manas, Miquel"]
[Black "Martin Valentin, Francisco"]
[Result "1/2-1/2"]
[WhiteElo "1606"]
[BlackElo "1836"]
[PlyCount "85"]
[EventDate "2016.07.13"]
[EventType "swiss"]
[EventRounds "9"]
[EventCountry "ESP"]
[SourceTitle "Ajedrez en Madrid"]
[Source "lmi"]
[SourceDate "2016.07.13"]
[SourceVersion "1"]
[SourceVersionDate "2019.06.21"]
[SourceQuality "1"]

1. e4 d5 2. exd5 Qxd5 3. Nc3 Qd6 4. Nf3 Bg4 5. Be2 Nf6 6. O-O e6 7. d3 c6 8.
Ng5 Bxe2 9. Qxe2 Nbd7 10. Nge4 Qc7 11. Nxf6+ Nxf6 12. Ne4 Nxe4 13. Qxe4 Bd6 14.
g3 O-O 15. Bd2 Rae8 16. Bc3 f5 17. Qg2 e5 18. Rae1 Re7 19. Re2 f4 20. Qe4 fxg3
21. hxg3 Rfe8 22. Kg2 Re6 23. Rh1 g6 24. Ree1 Qf7 25. Rh2 R6e7 26. Reh1 Qd5 27.
a3 Qxe4+ 28. dxe4 Bc5 29. Rd1 Rf8 30. Rd2 b5 31. b4 Bb6 32. Kf1 Bc7 33. Rd3 Rd8
34. Rxd8+ Bxd8 35. Ke2 Bc7 36. Bd2 Kg7 37. Bg5 Rd7 38. Be3 a5 39. c3 axb4 40.
axb4 Bb8 41. Rh1 Ba7 42. Ra1 Bxe3 43. Kxe3 1/2-1/2

[Event "18. Obert Int. Sant Marti 2016 - B"]
[Site "Barcelona ESP"]
[Date "2016.07.20"]
[Round "8.36"]
[White "Martinez Hernandez, Emili"]
[Black "Cervera Lopez, Miguel"]
[Result "1-0"]
[WhiteElo "1796"]
[BlackElo "1655"]
[PlyCount "89"]
[EventDate "2016.07.13"]
[EventType "swiss"]
[EventRounds "9"]
[EventCountry "ESP"]
[SourceTitle "Ajedrez en Madrid"]
[Source "lmi"]
[SourceDate "2016.07.13"]
[SourceVersion "1"]
[SourceVersionDate "2019.06.21"]
[SourceQuality "1"]

1. Nf3 e6 2. d4 d5 3. g3 Nf6 4. Bg2 Nc6 5. O-O Be7 6. b3 a5 7. a4 Rb8 8. Ba3
Bb4 9. c3 Bd6 10. Qd3 Na7 11. Nfd2 b5 12. Bxd6 Qxd6 13. axb5 Rxb5 14. c4 dxc4
15. bxc4 Rh5 16. c5 Ba6 17. cxd6 Bxd3 18. exd3 cxd6 19. Nc4 O-O 20. Nxa5 Nb5
21. Nc4 d5 22. Ne5 Nxd4 23. f4 Rc8 24. Nd2 Rb8 25. h3 Rf5 26. h4 Nh5 27. g4
Rxf4 28. gxh5 Ne2+ 29. Kh2 Rxh4+ 30. Bh3 Rxh5 31. Nxf7 Nd4 32. Nd6 g5 33. Kg2
Rh4 34. Nf3 Rb2+ 35. Rf2 Rxf2+ 36. Kxf2 Rf4 37. Bg2 g4 38. Ke3 Rxf3+ 39. Kxd4
Rf2 40. Rg1 Kg7 41. Ke3 Ra2 42. Nb5 h5 43. Nd4 e5 44. Ne6+ Kf6 45. Bxd5 1-0

[Event "18. Obert Int. Sant Marti 2016 - B"]
[Site "Barcelona ESP"]
[Date "2016.07.20"]
[Round "8.37"]
[White "Maqueda Berdugo, Francisco"]
[Black "Salazar Navas, Josep"]
[Result "1-0"]
[WhiteElo "1696"]
[BlackElo "1790"]
[PlyCount "105"]
[EventDate "2016.07.13"]
[EventType "swiss"]
[EventRounds "9"]
[EventCountry "ESP"]
[SourceTitle "Ajedrez en Madrid"]
[Source "lmi"]
[SourceDate "2016.07.13"]
[SourceVersion "1"]
[SourceVersionDate "2019.06.21"]
[SourceQuality "1"]

1. e4 d5 2. exd5 Nf6 3. Bb5+ Bd7 4. Bc4 b5 5. Bb3 Bg4 6. f3 Bc8 7. Nc3 b4 8.
Ne4 Nxd5 9. d4 g6 10. Ba4+ Bd7 11. Bb3 Bc6 12. c4 bxc3 13. Nxc3 Bg7 14. Nge2
O-O 15. O-O e6 16. Nxd5 Bxd5 17. Be3 Bxb3 18. Qxb3 Nc6 19. Qc4 Qd5 20. Rac1 Ne7
21. Qxc7 Nf5 22. Nc3 Qd8 23. Qxd8 Rfxd8 24. Bf2 Nxd4 25. Rfd1 Rab8 26. b3 a5
27. Kf1 Rbc8 28. Ne2 Nf5 29. Bb6 Rxd1+ 30. Rxd1 Bf6 31. Ng3 Nxg3+ 32. hxg3 Rc2
33. Bxa5 Rxa2 34. Bd8 Kg7 35. Bxf6+ Kxf6 36. Rb1 Ke5 37. b4 Kd6 38. b5 Ra7 39.
Ke2 Rb7 40. Kd3 Kc5 41. Ke4 f6 42. g4 g5 43. f4 gxf4 44. Kxf4 Rxb5 45. Rxb5+
Kxb5 46. g5 fxg5+ 47. Ke5 Kc5 48. g4 h6 49. Kxe6 Kd4 50. Kf5 Kd5 51. Kg6 Ke5
52. Kxh6 Kf4 53. Kh5 1-0

[Event "18. Obert Int. Sant Marti 2016 - B"]
[Site "Barcelona ESP"]
[Date "2016.07.20"]
[Round "8.38"]
[White "Garcia Punzano, Josep Lluis"]
[Black "Moya Nunez, Salvador"]
[Result "1-0"]
[WhiteElo "1785"]
[BlackElo "1175"]
[PlyCount "45"]
[EventDate "2016.07.13"]
[EventType "swiss"]
[EventRounds "9"]
[EventCountry "ESP"]
[SourceTitle "Ajedrez en Madrid"]
[Source "lmi"]
[SourceDate "2016.07.13"]
[SourceVersion "1"]
[SourceVersionDate "2019.06.21"]
[SourceQuality "1"]

1. f4 d5 2. Nf3 Nf6 3. e3 e6 4. Be2 Bd6 5. O-O Nbd7 6. b3 O-O 7. Bb2 c5 8. c4
b6 9. Qe1 Qc7 10. d4 cxd4 11. Nxd4 a6 12. Nd2 Bb7 13. Rc1 Qd8 14. Qg3 Re8 15.
cxd5 Bxd5 16. Bf3 Bxf3 17. Rxf3 Nc5 18. Nc6 Qd7 19. Bxf6 Bf8 20. Nd4 Kh8 21.
Qh4 Qd5 22. Rh3 h6 23. Qxh6+ 1-0

[Event "18. Obert Int. Sant Marti 2016 - B"]
[Site "Barcelona ESP"]
[Date "2016.07.20"]
[Round "8.40"]
[White "Moreno Oller, Victor"]
[Black "Martin Arranz, Lluis"]
[Result "1-0"]
[WhiteElo "1380"]
[BlackElo "1771"]
[PlyCount "89"]
[EventDate "2016.07.13"]
[EventType "swiss"]
[EventRounds "9"]
[EventCountry "ESP"]
[SourceTitle "Ajedrez en Madrid"]
[Source "lmi"]
[SourceDate "2016.07.13"]
[SourceVersion "1"]
[SourceVersionDate "2019.06.21"]
[SourceQuality "1"]

1. Nf3 e6 2. g3 b6 3. Bg2 Bb7 4. O-O Nf6 5. d3 Be7 6. e4 d6 7. Nd4 c5 8. Ne2 e5
9. f4 Nc6 10. Nbc3 O-O 11. Nd5 Nxd5 12. exd5 Nb4 13. a3 Na6 14. fxe5 Nc7 15.
exd6 Bxd6 16. c4 Bc8 17. Bf4 Bg4 18. h3 Bh5 19. Qd2 Re8 20. g4 Bg6 21. Bxd6
Qxd6 22. Nf4 Rad8 23. Nxg6 hxg6 24. Qf4 Qxf4 25. Rxf4 Re2 26. Raf1 f6 27. R4f2
Re3 28. Rf3 Re5 29. b4 Na6 30. bxc5 bxc5 31. Rb1 Re2 32. Rb5 Rd6 33. Rb7 Ra2
34. Rxa7 Rxa3 35. Re3 Ra1+ 36. Kh2 Rd1 37. Re8+ Kh7 38. Re6 Rxe6 39. dxe6 Nb4
40. e7 Re1 41. Be4 Re2+ 42. Kg3 Kh6 43. e8=Q Re3+ 44. Kf2 Nc2 45. Qxg6# 1-0

[Event "18. Obert Int. Sant Marti 2016 - B"]
[Site "Barcelona ESP"]
[Date "2016.07.20"]
[Round "8.42"]
[White "Hernandez Bermudez, Alberto"]
[Black "Rodriguez Beltran, Fernando"]
[Result "1/2-1/2"]
[WhiteElo "1720"]
[BlackElo "1602"]
[PlyCount "73"]
[EventDate "2016.07.13"]
[EventType "swiss"]
[EventRounds "9"]
[EventCountry "ESP"]
[SourceTitle "Ajedrez en Madrid"]
[Source "lmi"]
[SourceDate "2016.07.13"]
[SourceVersion "1"]
[SourceVersionDate "2019.06.21"]
[SourceQuality "1"]

1. Nf3 d5 2. b3 Nf6 3. Bb2 c5 4. e3 e6 5. c4 Nc6 6. d4 cxd4 7. Nxd4 Bb4+ 8. Bc3
Bxc3+ 9. Nxc3 Qa5 10. Qd2 Nxd4 11. exd4 Bd7 12. Ne4 Qxd2+ 13. Nxd2 O-O 14. c5
b6 15. b4 bxc5 16. dxc5 Rab8 17. Rb1 Bb5 18. Bxb5 Rxb5 19. a4 Rbb8 20. Ke2 Rfc8
21. Rhc1 Nd7 22. Nf3 f6 23. Nd4 Kf7 24. Nb5 Ke7 25. Nxa7 Rc7 26. Nb5 Rcc8 27.
Nd4 Ne5 28. b5 Kd7 29. c6+ Ke7 30. b6 Nc4 31. a5 Nxa5 32. Ra1 Nc4 33. Ra7+ Kd6
34. b7 Rxc6 35. Nxc6 Kxc6 36. Rb1 Nb6 37. Rc1+ 1/2-1/2

[Event "18. Obert Int. Sant Marti 2016 - B"]
[Site "Barcelona ESP"]
[Date "2016.07.20"]
[Round "8.44"]
[White "Sanchez Paz, Josep"]
[Black "Ferre Navarro, Joan"]
[Result "0-1"]
[WhiteElo "1709"]
[BlackElo "1591"]
[PlyCount "38"]
[EventDate "2016.07.13"]
[EventType "swiss"]
[EventRounds "9"]
[EventCountry "ESP"]
[SourceTitle "Ajedrez en Madrid"]
[Source "lmi"]
[SourceDate "2016.07.13"]
[SourceVersion "1"]
[SourceVersionDate "2019.06.21"]
[SourceQuality "1"]

1. d4 d5 2. c4 e6 3. Nc3 Nf6 4. Bg5 c6 5. e3 Nbd7 6. Nf3 Qa5 7. Bd3 dxc4 8.
Bxc4 Ne4 9. Rc1 Nxg5 10. Nxg5 Qxg5 11. O-O Nf6 12. e4 b5 13. e5 bxc4 14. exf6
Qxf6 15. Ne4 Qg6 16. f3 Be7 17. Rxc4 Ba6 18. Rxc6 Bxf1 19. Qa4 Qxg2# 0-1

[Event "18. Obert Int. Sant Marti 2016 - B"]
[Site "Barcelona ESP"]
[Date "2016.07.20"]
[Round "8.45"]
[White "Subirana Santos, Marc"]
[Black "Gonzalez Alonso, Marti"]
[Result "0-1"]
[WhiteElo "1706"]
[BlackElo "1391"]
[PlyCount "116"]
[EventDate "2016.07.13"]
[EventType "swiss"]
[EventRounds "9"]
[EventCountry "ESP"]
[SourceTitle "Ajedrez en Madrid"]
[Source "lmi"]
[SourceDate "2016.07.13"]
[SourceVersion "1"]
[SourceVersionDate "2019.06.21"]
[SourceQuality "1"]

1. Nf3 Nf6 2. g3 g6 3. Bg2 Bg7 4. O-O O-O 5. d3 Nc6 6. e4 e5 7. c3 d5 8. Nbd2
dxe4 9. dxe4 Qd3 10. Ne1 Qd6 11. Qc2 Be6 12. b3 Rfd8 13. Nef3 Bh6 14. Nc4 Bxc4
15. bxc4 Bxc1 16. Rfxc1 Na5 17. Qe2 Qc5 18. Ng5 h6 19. Nf3 Nxc4 20. Rd1 Rxd1+
21. Rxd1 Nd6 22. Nh4 Qxc3 23. h3 Kg7 24. Kh2 Re8 25. Rd3 Qc4 26. Re3 Qxe2 27.
Rxe2 b6 28. f3 c5 29. Bf1 Nb5 30. a4 Nd4 31. Re3 Re7 32. g4 Ne8 33. Kg3 Nd6 34.
Ng2 g5 35. h4 Rc7 36. hxg5 hxg5 37. Ne1 c4 38. Rc3 Rc8 39. Nc2 Nxc2 40. Rxc2 a6
41. Kf2 b5 42. axb5 Nxb5 43. Ke3 c3 44. Kd3 Kf6 45. Ra2 Rc6 46. Rc2 Ke7 47. Ke3
Nd4 48. Rc1 c2 49. Bd3 Kd6 50. Kf2 a5 51. Ke3 a4 52. Bxc2 Rxc2 53. Ra1 Rc3+ 54.
Kd2 Nb3+ 55. Kxc3 Nxa1 56. Kb4 Nc2+ 57. Kxa4 Ne1 58. Kb4 Nxf3 0-1